| 000 | 00645nam a22001937a 4500 | ||
|---|---|---|---|
| 999 |
_c164093 _d164093 |
||
| 005 | 20190509171330.0 | ||
| 010 | _aUR-10089 | ||
| 020 |
_c220.00 _a- |
||
| 035 | _aU-8644 | ||
| 037 | _bDBAD/PUB | ||
| 082 | _a841 | ||
| 100 | _aمقبو ل منظر | ||
| 245 |
_a چھا ؤ ں مير ے حصے کی _cمقبو ل منظر |
||
| 246 |
_bChhaon Mere Hisse ki (Urdu) _aby Maqbool Manzer |
||
| 260 |
_a Delhi _bEducational Publishing House _c2017 ء |
||
| 270 |
_a3191،Vakil Street,Kucha Pandit,Lal Kuan, _bDelhi _e110006 _k23216162 _l00911123211540 |
||
| 300 |
_a184ص _c22 Cm.(bk) |
||
| 942 |
_2ddc _cUR _h841 _mم ن ظ |
||